| 000 | 00883nas a2200277 4500 | ||
|---|---|---|---|
| 001 | BR9701928 | ||
| 003 | BR-BrBNA | ||
| 005 | 20231205100138.0 | ||
| 007 | ta | ||
| 008 | 230509b bl.|||p| |||| 00| 00por d | ||
| 040 |
_aBR-BrBNA _bpor _cBiblioteca Nacional de Agricultura |
||
| 041 | _a(Pt) | ||
| 072 | _aH10 | ||
| 100 | 1 | _aCosta, N. | |
| 100 | 1 | _aArthur, V. | |
| 100 | 1 | _aWiendl, F.M. | |
| 245 | 1 | _aDesinfestacao, por radiacoes gama do cobalto-60, de laranjas e tangerinas (Citrus spp.)artificialmente infestadas com ovos de Ceratitis capitata (Wied., 1824) | |
| 650 | _aLaranja | ||
| 650 | _aTangerina | ||
| 650 | _aMosca-do-Mediterraneo | ||
| 650 | _aRaio Gama | ||
| 650 | _aQuarentena | ||
| 773 | 0 |
_tRevista de Agricultura (Brazil) _xISSN 0034-7655 _g(Dec 1996), v. 71(3) p. 379-386 _wBR9701928 |
|
| 909 |
_a202311 _bLúcia _c55 _dLúcia Elande |
||
| 942 |
_2AGRIS _n0 _cANA |
||
| 999 |
_c154489 _d154489 |
||